Poisťovne nedali vodičom na výber
Demonopolizácia zákonného poistenia motorových vozidiel mala umožniť motoristom zvoliť si inštitúciu, v ktorej si poistia svoj automobil. Sadzby základného typu povinného zmluvného poistenia /PZP/ pre rok 2003 pre osobné automobily sú však rovnaké pri všetkých ôsmich poisťovniach. Podiel poisťovní n...
Uložené v:
| Hlavný autor: | |
|---|---|
| Médium: | Kapitola |
| Jazyk: | Slovak |
| Predmet: | |
| Tagy: |
Žiadne tagy, Buďte prvý, kto otaguje tento záznam!
|
MARC
| LEADER | 00000naa a2200000 4500 | ||
|---|---|---|---|
| 001 | r047491 | ||
| 005 | 20231003075921.5 | ||
| 041 | 0 | |a slo | |
| 044 | |a SK | ||
| 245 | 1 | 0 | |a Poisťovne nedali vodičom na výber |c Renata Môciková |
| 520 | |a Demonopolizácia zákonného poistenia motorových vozidiel mala umožniť motoristom zvoliť si inštitúciu, v ktorej si poistia svoj automobil. Sadzby základného typu povinného zmluvného poistenia /PZP/ pre rok 2003 pre osobné automobily sú však rovnaké pri všetkých ôsmich poisťovniach. Podiel poisťovní na trhu PZP. Objemy reklamy poisťovní poskytujúcich PZP v roku 2002. V čom vidia poisťovne konkurenčné výhody svojej ponuky PZP. | ||
| 610 | 2 | 0 | |a poistenie povinné zmluvné |
| 610 | 2 | 0 | |a automobily osobné |
| 610 | 2 | 0 | |a poisťovne |
| 610 | 2 | 0 | |a reklama |
| 610 | 2 | 0 | |a Slovensko |
| 610 | 2 | 0 | |a 2002 |
| 100 | 1 | |a Môciková, Renata | |